000 00427nam a2200169 a 4500
001 0000-9301
003 ELIB.Books
008 110520 1980
035 _a(ELIB.Books)0000-9453
082 _a228
_bSmi
100 _aSmith, Chuck
245 _aWhat the World is Coming to
260 _bCost Mesa: The Word For Today
_c1980
650 _aNew Testament
942 _2ddc
_cBK
998 _cbat
_e2011-05-20
999 _c9301
_d9301